[Event "CAN-ch Seniors 50+"]
[Site "Etobicoke CAN"]
[Date "2023.08.06"]
[Round "5.8"]
[White "Ochkoos, Jura"]
[Black "Plotkin, Victor"]
[Result "0-1"]
[WhiteElo "2316"]
[BlackElo "2351"]
[PlyCount "84"]
[EventDate "2023.08.04"]
[EventType "swiss"]
[EventRounds "7"]
[EventCountry "CAN"]

1. e4 e5 2. Nf3 Nc6 3. Bb5 a6 4. Ba4 Nf6 5. O-O d6 6. d3 b5 7. Bb3 Na5 8. c4
Nxb3 9. axb3 Bd7 10. Nc3 Be7 11. Re1 O-O 12. b4 c6 13. Bd2 Qc7 14. b3 Rfe8 15.
Rc1 Qb7 16. Rb1 h6 17. h3 Bf8 18. Ne2 Nh5 19. g4 Nf6 20. Ng3 g6 21. Nh4 Qc8 22.
f3 d5 23. Ng2 bxc4 24. bxc4 dxc4 25. dxc4 c5 26. bxc5 Qxc5+ 27. Ne3 a5 28. Kg2
Reb8 29. Qe2 Bc6 30. Nd5 Nd7 31. Be3 Qa3 32. Nf1 Nc5 33. Bxc5 Qxc5 34. Nfe3 a4
35. Nc7 Rxb1 36. Rxb1 Bxe4 37. fxe4 Qxc7 38. Nd5 Qc5 39. Rb7 Ra7 40. Rb8 a3 41.
Qf1 a2 42. Qf6 a1=Q 0-1

[Event "CAN-ch Seniors 50+"]
[Site "Etobicoke CAN"]
[Date "2023.08.06"]
[Round "5.9"]
[White "Findlay, Ian"]
[Black "Barron, Michael"]
[Result "1/2-1/2"]
[WhiteElo "2257"]
[BlackElo "2276"]
[PlyCount "74"]
[EventDate "2023.08.04"]
[EventType "swiss"]
[EventRounds "7"]
[EventCountry "CAN"]

1. e4 e5 2. Nf3 Nc6 3. Bb5 a6 4. Bxc6 dxc6 5. O-O f6 6. d4 exd4 7. Nxd4 c5 8.
Ne2 Qxd1 9. Rxd1 Bd7 10. Nbc3 O-O-O 11. Be3 Bd6 12. Bf4 Be6 13. Bxd6 Rxd6 14.
Nf4 Bf7 15. e5 fxe5 16. Nd3 Nf6 17. Nxe5 Bh5 18. f3 Re8 19. Nd3 Bg6 20. Nxc5
Rxd1+ 21. Rxd1 Bxc2 22. Rd2 Bg6 23. Kf2 a5 24. Re2 Rxe2+ 25. Kxe2 Bf7 26. Ke3
b6 27. N5e4 Nd5+ 28. Kd4 Nb4 29. b3 Nc2+ 30. Ke5 Ne1 31. Ng5 Bg8 32. Ne6 Bxe6
33. Kxe6 Nxg2 34. Kf7 Nh4 35. f4 Nf5 36. Ke6 Nd4+ 37. Kf7 Nf5 1/2-1/2

[Event "CAN-ch Seniors 50+"]
[Site "Etobicoke CAN"]
[Date "2023.08.06"]
[Round "5.11"]
[White "Momic, Jovan"]
[Black "Supsup, Ferdinand"]
[Result "1-0"]
[WhiteElo "1684"]
[BlackElo "1681"]
[PlyCount "87"]
[EventDate "2023.08.04"]
[EventType "swiss"]
[EventRounds "7"]
[EventCountry "CAN"]

1. d4 e6 2. Nf3 f5 3. g3 Nf6 4. Bg2 d5 5. O-O Bd6 6. c4 c6 7. c5 Bc7 8. Bg5 O-O
9. Nc3 Nbd7 10. b4 h6 11. Bd2 Ne4 12. a4 e5 13. Ra3 Qf6 14. e3 g5 15. Nxe4 dxe4
16. dxe5 Qe6 17. Nd4 Qxe5 18. Qb3+ Rf7 19. Ne6 Bb8 20. Nd8 Qe7 21. Nxf7 Qxf7
22. Qxf7+ Kxf7 23. f3 exf3 24. Rxf3 Ne5 25. Rf1 Nc4 26. Rd3 Be6 27. Bc1 Ke7 28.
e4 Ne5 29. Rd4 fxe4 30. Bxe4 Nd7 31. Bf5 Be5 32. Rdd1 a5 33. Bxe6 Kxe6 34. Rfe1
axb4 35. Rd6+ Ke7 36. Bb2 Rxa4 37. Bxe5 Nxc5 38. Rxh6 Nd3 39. Bd6+ Kf7 40. Re7+
Kg8 41. Rg6+ Kh8 42. Rxb7 c5 43. Rgg7 c4 44. Rh7+ 1-0

[Event "CAN-ch Seniors 50+"]
[Site "Etobicoke CAN"]
[Date "2023.08.06"]
[Round "5.12"]
[White "Chernik, Dmitry"]
[Black "Bordas, Gyula"]
[Result "1-0"]
[WhiteElo "2011"]
[BlackElo "1954"]
[PlyCount "71"]
[EventDate "2023.08.04"]
[EventType "swiss"]
[EventRounds "7"]
[EventCountry "CAN"]

1. e4 e5 2. Nf3 Nc6 3. Bb5 a6 4. Ba4 Nf6 5. O-O Be7 6. Re1 b5 7. Bb3 O-O 8. c3
d5 9. d3 dxe4 10. dxe4 Qxd1 11. Bxd1 Bg4 12. Bg5 h6 13. Bh4 Nd7 14. Bxe7 Nxe7
15. Nbd2 Ng6 16. Nh4 Bxd1 17. Nxg6 fxg6 18. Raxd1 Kf7 19. Nf3 Ke6 20. Rd5 c6
21. Rd2 Nb6 22. Red1 Rf6 23. b3 a5 24. Rd8 Rxd8 25. Rxd8 Nd7 26. Kf1 Nc5 27.
Nd2 Ke7 28. Ra8 a4 29. Ra7+ Kf8 30. Ke2 Rd6 31. Rc7 Nd3 32. bxa4 bxa4 33. f3
Nc5 34. Nc4 Re6 35. g3 Na6 36. Ra7 1-0

[Event "CAN-ch Seniors 50+"]
[Site "Etobicoke CAN"]
[Date "2023.08.06"]
[Round "5.13"]
[White "Nazareno, Merlin"]
[Black "Uyanik, Mehmet"]
[Result "1-0"]
[WhiteElo "2051"]
[BlackElo "1142"]
[Annotator ",hugh_brodie@hotmail."]
[PlyCount "44"]
[EventDate "2023.08.04"]
[EventType "swiss"]
[EventRounds "7"]
[EventCountry "CAN"]

1. e4 b6 2. d4 Bb7 3. Nc3 Nf6 4. Bd3 e6 5. Nge2 c5 6. O-O cxd4 7. Nxd4 Bb4 8.
Bg5 h6 9. Bh4 a6 10. e5 g5 11. exf6 gxh4 12. Be4 d5 13. Nxe6 fxe6 14. Qh5+ Kf8
15. Qg6 Qc7 16. Nxd5 exd5 17. Rad1 dxe4 18. Rd8+ Qxd8 19. Qg7+ Ke8 20. Qxh8+
Kd7 21. Rd1+ Kc6 22. Qxd8 b5 {Whiite won in 33 moves.} 1-0

[Event "CAN-ch Seniors 50+"]
[Site "Etobicoke CAN"]
[Date "2023.08.07"]
[Round "6.7"]
[White "Plotkin, Victor"]
[Black "Malakhovets, Sergey"]
[Result "1-0"]
[WhiteElo "2351"]
[BlackElo "2119"]
[PlyCount "65"]
[EventDate "2023.08.04"]
[EventType "swiss"]
[EventRounds "7"]
[EventCountry "CAN"]

1. e4 c6 2. Nc3 d5 3. Nf3 dxe4 4. Nxe4 Nf6 5. Nxf6+ exf6 6. Bc4 Bd6 7. Qe2+ Be7
8. O-O O-O 9. Re1 Bd6 10. d4 a5 11. c3 Na6 12. Bd3 Nc7 13. Qc2 g6 14. Bh6 Re8
15. Rxe8+ Nxe8 16. Re1 Ng7 17. h3 Ne6 18. a4 Bc7 19. Bc4 Qd6 20. g3 Bd7 21. Nd2
f5 22. Nf3 b5 23. axb5 cxb5 24. Ba2 Bb6 25. Ne5 Be8 26. Qe2 Nc7 27. Bf4 Qf6 28.
Qf3 Rd8 29. Qb7 g5 30. Bxg5 Qxg5 31. Qxb6 Nd5 32. Qb7 Qe7 33. Bxd5 1-0

[Event "CAN-ch Seniors 50+"]
[Site "Etobicoke CAN"]
[Date "2023.08.07"]
[Round "6.8"]
[White "Barron, Michael"]
[Black "Haessel, Dale"]
[Result "1/2-1/2"]
[WhiteElo "2276"]
[BlackElo "2203"]
[PlyCount "48"]
[EventDate "2023.08.04"]
[EventType "swiss"]
[EventRounds "7"]
[EventCountry "CAN"]

1. e4 e5 2. Nf3 Nc6 3. Bb5 a6 4. Ba4 Nge7 5. O-O Ng6 6. c3 d5 7. exd5 Qxd5 8.
d4 Bg4 9. Bb3 Bxf3 10. Bxd5 Bxd1 11. Rxd1 O-O-O 12. Bxf7 exd4 13. Bg5 Be7 14.
Bxe7 Ngxe7 15. cxd4 Nxd4 16. Nc3 b5 17. Nd5 Nec6 18. Ne3 Rd6 19. Kf1 Rhd8 20.
Rac1 Ne5 21. Bh5 g6 22. Rc5 Nd7 23. Bg4 Kb7 24. Rd5 Nf6 1/2-1/2

[Event "CAN-ch Seniors 50+"]
[Site "Etobicoke CAN"]
[Date "2023.08.07"]
[Round "6.9"]
[White "Filipovich, David"]
[Black "Findlay, Ian"]
[Result "1/2-1/2"]
[WhiteElo "2139"]
[BlackElo "2257"]
[PlyCount "31"]
[EventDate "2023.08.04"]
[EventType "swiss"]
[EventRounds "7"]
[EventCountry "CAN"]

1. Nf3 d5 2. g3 g6 3. Bg2 Bg7 4. d4 Nf6 5. O-O O-O 6. c4 c6 7. b3 Bf5 8. Bb2
Na6 9. Nbd2 Ne4 10. Nh4 Nxd2 11. Qxd2 Be6 12. Rac1 Qd7 13. Nf3 Bh3 14. Bxh3
Qxh3 15. cxd5 cxd5 16. a4 1/2-1/2

[Event "CAN-ch Seniors 50+"]
[Site "Etobicoke CAN"]
[Date "2023.08.07"]
[Round "6.10"]
[White "Momic, Jovan"]
[Black "Ochkoos, Jura"]
[Result "0-1"]
[WhiteElo "1684"]
[BlackElo "2316"]
[PlyCount "58"]
[EventDate "2023.08.04"]
[EventType "swiss"]
[EventRounds "7"]
[EventCountry "CAN"]

1. d4 d5 2. c4 e6 3. Nf3 c5 4. e3 a6 5. a4 Nc6 6. b3 Nf6 7. Bb2 cxd4 8. Nxd4
Bb4+ 9. Bc3 Qa5 10. Qd2 Bxc3 11. Qxc3 Nb4 12. Kd1 Ne4 13. Qe1 Qc5 14. Nc3 O-O
15. Nc2 Rd8 16. Kc1 Nf6 17. Nxb4 Qxb4 18. Kb2 Qe7 19. Rd1 Bd7 20. cxd5 exd5 21.
Nxd5 Nxd5 22. Rxd5 Be6 23. Rxd8+ Rxd8 24. Be2 Qg5 25. Bf3 b5 26. a5 Rd3 27. Bd1
Qe5+ 28. Ka3 b4+ 29. Ka4 Qb5# 0-1

[Event "CAN-ch Seniors 50+"]
[Site "Etobicoke CAN"]
[Date "2023.08.07"]
[Round "6.11"]
[White "Chernik, Dmitry"]
[Black "Nazareno, Merlin"]
[Result "0-1"]
[WhiteElo "2011"]
[BlackElo "2051"]
[PlyCount "54"]
[EventDate "2023.08.04"]
[EventType "swiss"]
[EventRounds "7"]
[EventCountry "CAN"]

1. e4 d5 2. exd5 Nf6 3. Bb5+ Nbd7 4. Nf3 Nxd5 5. Nc3 Nxc3 6. bxc3 a6 7. Ba4 c5
8. Bb3 e6 9. d4 Qc7 10. O-O c4 11. Ba4 b5 12. Ng5 Nf6 13. Re1 Be7 14. Qf3 Bb7
15. Qh3 Bd5 16. g3 O-O 17. Bf4 Qc6 18. Re5 h6 19. Rae1 hxg5 20. Rxg5 Be4 21. d5
exd5 22. f3 Bc5+ 23. Kf1 Bg6 24. Be5 Rfe8 25. f4 Nh7 26. Rg4 d4 27. cxd4 Qf3+
0-1

[Event "CAN-ch Seniors 50+"]
[Site "Etobicoke CAN"]
[Date "2023.08.07"]
[Round "6.12"]
[White "Supsup, Ferdinand"]
[Black "Oancea, Nicolae"]
[Result "0-1"]
[WhiteElo "1681"]
[BlackElo "2100"]
[Annotator ",hugh_brodie@hotmail."]
[PlyCount "74"]
[EventDate "2023.08.04"]
[EventType "swiss"]
[EventRounds "7"]
[EventCountry "CAN"]

1. d4 e6 2. Nf3 f5 3. Bf4 Nf6 4. h3 d5 5. e3 Bd6 6. Nbd2 Bxf4 7. exf4 O-O 8.
Ne5 Nbd7 9. Ndf3 Ne4 10. c4 c6 11. b4 Nxe5 12. Nxe5 Bd7 13. a4 Be8 14. c5 b6
15. a5 bxc5 16. bxc5 Rb8 17. Bd3 Rb4 18. Bc2 Qh4 19. Bxe4 dxe4 20. Qd2 Rb3 21.
O-O Qd8 22. Qa2 Qd5 23. Qd2 Bh5 24. Rfb1 Rfb8 25. Qa2 Be8 26. Rxb3 Qxb3 27.
Qxb3 Rxb3 28. Ra4 Kf8 29. a6 Ke7 30. Kf1 Kd8 31. Ke1 Kc7 32. Kd1 Rb2 33. Nc4
Rb8 34. Kc2 Bd7 35. Nd6 h5 36. g4 hxg4 37. hxg4 fxg4 {Black won in 72 moves.}
0-1

[Event "CAN-ch Seniors 50+"]
[Site "Etobicoke CAN"]
[Date "2023.08.07"]
[Round "6.13"]
[White "Bordas, Gyula"]
[Black "Uyanik, Mehmet"]
[Result "1-0"]
[WhiteElo "1954"]
[BlackElo "1142"]
[PlyCount "39"]
[EventDate "2023.08.04"]
[EventType "swiss"]
[EventRounds "7"]
[EventCountry "CAN"]

1. e4 b6 2. Nc3 c5 3. Nf3 Bb7 4. d4 cxd4 5. Nxd4 e5 6. Nf5 d6 7. Nb5 Qd7 8.
Nbxd6+ Bxd6 9. Qxd6 Bxe4 10. Qxe5+ Ne7 11. Nd6+ Kf8 12. Nxe4 Nbc6 13. Qd6 Qf5
14. Bd3 Rd8 15. Qf4 Qd5 16. O-O h5 17. b3 Ng6 18. Ba3+ Kg8 19. Qg5 Nge5 20.
Nf6# 1-0

[Event "CAN-ch Seniors 50+"]
[Site "Etobicoke CAN"]
[Date "2023.08.07"]
[Round "7.7"]
[White "Nazareno, Merlin"]
[Black "Plotkin, Victor"]
[Result "0-1"]
[WhiteElo "2051"]
[BlackElo "2351"]
[PlyCount "82"]
[EventDate "2023.08.04"]
[EventType "swiss"]
[EventRounds "7"]
[EventCountry "CAN"]

1. d4 d5 2. e3 Nf6 3. Bd3 c5 4. c3 Nc6 5. f4 g6 6. Nf3 Bg7 7. Ne5 O-O 8. O-O
cxd4 9. exd4 Qb6 10. Kh1 Ne4 11. Qe2 f5 12. Nd2 Nxe5 13. fxe5 Bd7 14. Nf3 e6
15. g3 Rac8 16. Kg2 Qd8 17. h4 h6 18. Rh1 Be8 19. Rh2 Rf7 20. Bf4 Bf8 21. Rah1
Rh7 22. a3 Ba4 23. Kg1 Qb6 24. Ng5 hxg5 25. hxg5 Rcc7 26. g4 Be8 27. gxf5 gxf5
28. Bxe4 dxe4 29. g6 Bxg6 30. Qg2 Rxh2 31. Rxh2 Qb3 32. Qd2 Rh7 33. Rg2 Kf7 34.
Bg5 Rh5 35. Rg3 Qa2 36. Qc1 Bxa3 37. Rg2 Bf8 38. c4 Qb3 39. Be3 Rh3 40. Re2 Bh5
41. Re1 Bh6 0-1

[Event "CAN-ch Seniors 50+"]
[Site "Etobicoke CAN"]
[Date "2023.08.07"]
[Round "7.8"]
[White "Haessel, Dale"]
[Black "Findlay, Ian"]
[Result "0-1"]
[WhiteElo "2203"]
[BlackElo "2257"]
[PlyCount "73"]
[EventDate "2023.08.04"]
[EventType "swiss"]
[EventRounds "7"]
[EventCountry "CAN"]

1. d4 Nf6 2. c4 e6 3. Nc3 Bb4 4. f3 d5 5. a3 Bxc3+ 6. bxc3 c5 7. cxd5 exd5 8.
e3 O-O 9. Bd3 b6 10. Ne2 Ba6 11. Bxa6 Nxa6 12. O-O Re8 13. Ng3 Nb8 14. Ra2 Nc6
15. Re2 Qd7 16. Bb2 Rad8 17. Qd3 b5 18. Ree1 Na5 19. Rd1 Nc4 20. Bc1 Qc6 21.
Rfe1 Nd6 22. Nf5 Nxf5 23. Qxf5 a5 24. g4 Re6 25. g5 Ne8 26. e4 cxd4 27. cxd4 g6
28. Qf4 Nd6 29. exd5 Qxd5 30. Rxe6 fxe6 31. Re1 Nc4 32. Re4 Rf8 33. Qg4 Rf5 34.
Qg3 Nd6 35. Rf4 e5 36. Rg4 exd4 37. Bb2 0-1

[Event "CAN-ch Seniors 50+"]
[Site "Etobicoke CAN"]
[Date "2023.08.07"]
[Round "7.9"]
[White "Ochkoos, Jura"]
[Black "Filipovich, David"]
[Result "1-0"]
[WhiteElo "2316"]
[BlackElo "2139"]
[PlyCount "63"]
[EventDate "2023.08.04"]
[EventType "swiss"]
[EventRounds "7"]
[EventCountry "CAN"]

1. e4 c6 2. d4 d5 3. e5 Bf5 4. h4 h6 5. g4 Bd7 6. Nc3 e6 7. Be3 Qb6 8. Na4 Qc7
9. Nf3 Ne7 10. h5 Nc8 11. b3 b6 12. a3 c5 13. Nc3 Nc6 14. Bf4 cxd4 15. Nb5 Qb8
16. Qd2 a6 17. Nbxd4 Nxd4 18. Nxd4 Bc5 19. Nf3 a5 20. c3 Na7 21. b4 Be7 22. Bd3
Bb5 23. O-O Qc7 24. bxa5 bxa5 25. a4 Bc4 26. Rfb1 O-O 27. Bc2 Nc6 28. Re1 Qb6
29. Rab1 Qc7 30. Bxh6 gxh6 31. Qxh6 f5 32. Qxe6+ 1-0

[Event "CAN-ch Seniors 50+"]
[Site "Etobicoke CAN"]
[Date "2023.08.07"]
[Round "7.10"]
[White "Oancea, Nicolae"]
[Black "Barron, Michael"]
[Result "1-0"]
[WhiteElo "2100"]
[BlackElo "2276"]
[PlyCount "159"]
[EventDate "2023.08.04"]
[EventType "swiss"]
[EventRounds "7"]
[EventCountry "CAN"]

1. e4 e5 2. Nf3 Nc6 3. Bb5 a6 4. Ba4 Nf6 5. O-O Be7 6. Re1 b5 7. Bb3 O-O 8. c3
d6 9. h3 Na5 10. Bc2 c5 11. d4 Qc7 12. Be3 Nc4 13. Bc1 Bb7 14. d5 g6 15. b3 Nb6
16. Bh6 Rfe8 17. Nbd2 c4 18. b4 a5 19. Qb1 Ra6 20. a4 axb4 21. a5 bxc3 22. axb6
Rxb6 23. Nf1 b4 24. Be3 b3 25. Bxb6 Qxb6 26. Ne3 Ba6 27. Nd1 Rb8 28. Nxc3 bxc2
29. Qxb6 Rxb6 30. Rec1 Nd7 31. Rxc2 Nc5 32. Na4 Nxa4 33. Rxa4 Rb1+ 34. Kh2 Bb5
35. Ra8+ Kg7 36. Rb8 Rb4 37. Nd2 Bg5 38. Nf3 Bh6 39. Rb6 Rb3 40. Nd2 Bxd2 41.
Rxd2 Ba4 42. Rxd6 c3 43. Rc2 Ra3 44. Ra6 Bxc2 45. Rxa3 Bxe4 46. d6 c2 47. Rc3
Kf6 48. f3 Bf5 49. g4 Bd7 50. Rxc2 Ke6 51. Rd2 f5 52. g5 f4 53. h4 Bc6 54. Kg1
Kd7 55. Kf2 Ke6 56. Rd3 Kd7 57. Ke1 Ke6 58. Kd1 Bb5 59. Rd2 Bc6 60. Rd3 Bb5 61.
Rd2 Bc6 62. Kc1 Kd7 63. Rd3 Bb5 64. Rd5 Bc6 65. Rxe5 Kxd6 66. Re1 Bxf3 67. Rf1
Bd5 68. Rxf4 Ke5 69. Rf2 Be6 70. Kd2 Bf5 71. Ke3 Be6 72. Kf3 Bd5+ 73. Kg3 Be6
74. Rf8 Bd5 75. Rh8 Kf5 76. Rxh7 Bc4 77. Rh8 Bb3 78. Rf8+ Ke5 79. h5 gxh5 80.
g6 1-0

[Event "CAN-ch Seniors 50+"]
[Site "Etobicoke CAN"]
[Date "2023.08.07"]
[Round "7.11"]
[White "Malakhovets, Sergey"]
[Black "Chernik, Dmitry"]
[Result "1-0"]
[WhiteElo "2119"]
[BlackElo "2011"]
[PlyCount "125"]
[EventDate "2023.08.04"]
[EventType "swiss"]
[EventRounds "7"]
[EventCountry "CAN"]

1. d4 Nf6 2. Bf4 g6 3. Nc3 Bg7 4. e4 d5 5. Nb5 Na6 6. e5 Ne4 7. f3 c6 8. fxe4
cxb5 9. Bxb5+ Kf8 10. Bd3 Be6 11. Nf3 dxe4 12. Bxe4 Bd5 13. Bxd5 Qxd5 14. O-O
Rd8 15. c3 h6 16. Qb3 Nc7 17. Rae1 Qxb3 18. axb3 e6 19. Nd2 g5 20. Be3 Ke7 21.
Ne4 Rhf8 22. Ra1 Nd5 23. Bd2 f5 24. exf6+ Nxf6 25. Nxf6 Rxf6 26. Rxf6 Bxf6 27.
Rxa7 Rd7 28. Ra5 Bg7 29. Be3 Kd6 30. Kf2 Bf6 31. Ke2 Bd8 32. Ra1 Rf7 33. Bf2 h5
34. Bg3+ Kc6 35. h3 b6 36. Rf1 Ra7 37. Rf8 Be7 38. Rf7 Kd7 39. Kd3 Ra2 40. Rf2
Ra1 41. Re2 Ra8 42. Kc4 h4 43. Bh2 Rg8 44. Kb5 Bd8 45. c4 g4 46. hxg4 Rxg4 47.
Be5 Rg5 48. b4 Rh5 49. c5 h3 50. gxh3 bxc5 51. bxc5 Rxh3 52. b4 Ra3 53. Rh2 Rf3
54. Rh7+ Kc8 55. Rh6 Kd7 56. c6+ Kc8 57. Rxe6 Rc3 58. d5 Rd3 59. d6 Kb8 60. c7+
Bxc7 61. dxc7+ Ka7 62. Kc4 Rd1 63. Re8 1-0

[Event "CAN-ch Seniors 50+"]
[Site "Etobicoke CAN"]
[Date "2023.08.07"]
[Round "7.12"]
[White "Bordas, Gyula"]
[Black "Supsup, Ferdinand"]
[Result "1-0"]
[WhiteElo "1954"]
[BlackElo "1681"]
[PlyCount "43"]
[EventDate "2023.08.04"]
[EventType "swiss"]
[EventRounds "7"]
[EventCountry "CAN"]

1. e4 e6 2. d4 d5 3. Nd2 Nc6 4. c3 Nf6 5. e5 Nd7 6. f4 f6 7. Ndf3 fxe5 8. fxe5
Be7 9. Bd3 O-O 10. h4 Nb6 11. Bxh7+ Kxh7 12. Ng5+ Kg8 13. Qh5 Bxg5 14. hxg5 Ne7
15. g6 Nxg6 16. Qxg6 Qe8 17. Qh7+ Kf7 18. Bg5 Qb5 19. Qh5+ Kg8 20. Bf6 Qd7 21.
Qh7+ Kf7 22. Bxg7 1-0

[Event "CAN-ch Seniors 50+"]
[Site "Etobicoke CAN"]
[Date "2023.08.07"]
[Round "7.13"]
[White "Uyanik, Mehmet"]
[Black "Momic, Jovan"]
[Result "1-0"]
[WhiteElo "1142"]
[BlackElo "1684"]
[PlyCount "65"]
[EventDate "2023.08.04"]
[EventType "swiss"]
[EventRounds "7"]
[EventCountry "CAN"]

1. e4 d6 2. d4 Nf6 3. Nc3 c6 4. f4 Qa5 5. Bd3 e5 6. Nf3 exd4 7. Nxd4 Qb6 8. Bc4
d5 9. exd5 cxd5 10. Qe2+ Be7 11. Bb5+ Nc6 12. Be3 Qc7 13. O-O-O O-O 14. h3 a6
15. Ba4 Bb4 16. Qd3 Re8 17. g4 Bd6 18. Kb1 Bd7 19. g5 Nb4 20. Qd2 Ne4 21. Nxe4
Rxe4 22. Bb3 Rae8 23. Rhe1 Bxh3 24. a3 Bg4 25. Rc1 a5 26. Nb5 Qd7 27. Nxd6 Qxd6
28. axb4 axb4 29. Bxd5 R4e6 30. Bxe6 Qxe6 31. Bb6 Ra8 32. Rxe6 Bxe6 33. b3 1-0

[Event "CAN-ch Seniors 65+"]
[Site "Etobicoke CAN"]
[Date "2023.08.04"]
[Round "1.2"]
[White "Szucs, Nadia"]
[Black "Loadman, Ian"]
[Result "0-1"]
[WhiteElo "1633"]
[BlackElo "2132"]
[PlyCount "54"]
[EventDate "2023.08.04"]
[EventType "swiss"]
[EventRounds "7"]
[EventCountry "CAN"]

1. e4 e5 2. Nf3 Nc6 3. Bc4 Nf6 4. Nc3 Nxe4 5. Bxf7+ Kxf7 6. Nxe4 d5 7. Neg5+
Kg8 8. d4 h6 9. Nh3 Bg4 10. dxe5 Nxe5 11. Nhg1 c6 12. Be3 Qf6 13. Bd4 Re8 14.
Kf1 Bd6 15. h3 Bf5 16. Ne2 Be4 17. Nd2 Bg6 18. f4 c5 19. Bxe5 Bxe5 20. Nf3 Bxf4
21. Qxd5+ Kh7 22. Nxf4 Qxf4 23. Qxc5 Be4 24. Qf2 Rhf8 25. Re1 Bxf3 26. gxf3
Rxe1+ 27. Kxe1 Qc1+ 0-1

[Event "CAN-ch Seniors 65+"]
[Site "Etobicoke CAN"]
[Date "2023.08.04"]
[Round "1.3"]
[White "Verde, Pino"]
[Black "Berengolts, Isai"]
[Result "0-1"]
[WhiteElo "1473"]
[BlackElo "2018"]
[PlyCount "86"]
[EventDate "2023.08.04"]
[EventType "swiss"]
[EventRounds "7"]
[EventCountry "CAN"]

1. Nf3 Nf6 2. d3 c5 3. g3 b6 4. Bg2 Bb7 5. O-O g6 6. Nbd2 Bg7 7. e4 d6 8. Re1
O-O 9. h4 Nc6 10. c3 b5 11. Nf1 Qb6 12. Ne3 h5 13. Ng5 b4 14. Nc4 Qc7 15. f4
Rad8 16. Ne3 Bc8 17. Bf3 a5 18. a4 bxc3 19. bxc3 Ng4 20. Bd2 Nxe3 21. Rxe3 f6
22. Qb3+ e6 23. Nxe6 Qf7 24. f5 Ne5 25. Bd1 Bxe6 26. Qxe6 Qxe6 27. fxe6 Rfe8
28. Bb3 Rb8 29. Bd5 Bh6 30. Re2 Bxd2 31. Rf1 Bxc3 32. Rxf6 Kg7 33. Rf1 Rf8 34.
Rd1 Kf6 35. Kg2 Ke7 36. Rc2 Ng4 37. Re2 Bd4 38. Rdd2 Rb1 39. Kh3 Rh1+ 40. Rh2
Rxh2+ 41. Rxh2 Nxh2 42. Kxh2 Rf2+ 43. Kh3 Be5 0-1

[Event "CAN-ch Seniors 65+"]
[Site "Etobicoke CAN"]
[Date "2023.08.04"]
[Round "1.4"]
[White "Fradkin, Benjamin"]
[Black "Brown, John R"]
[Result "1-0"]
[WhiteElo "1906"]
[BlackElo "1343"]
[PlyCount "93"]
[EventDate "2023.08.04"]
[EventType "swiss"]
[EventRounds "7"]
[EventCountry "CAN"]

1. d4 e5 2. d5 c5 3. c4 Nf6 4. Nc3 g6 5. e4 d6 6. Be2 Bg7 7. Be3 O-O 8. h3 Na6
9. Nf3 Nc7 10. Qd2 a6 11. a4 Bd7 12. a5 Nce8 13. O-O Qc8 14. Nh2 Kh8 15. Bg5
Ng8 16. Na4 Bxa4 17. Rxa4 f6 18. Be3 f5 19. f3 f4 20. Bf2 Nef6 21. b4 Nh5 22.
bxc5 dxc5 23. Rb1 Bh6 24. Qc3 Bg7 25. Qa3 Ng3 26. Bd3 Nf6 27. Qxc5 Qd7 28. Ra2
Rac8 29. Qa7 Rb8 30. Rab2 Nfxe4 31. fxe4 Qa4 32. Qb6 Rf6 33. Qb4 Qd7 34. c5
Rbf8 35. Nf3 g5 36. Qxb7 Qe8 37. Rb6 Qh5 38. Rxf6 Rxf6 39. Qc8+ Rf8 40. Qg4 Qf7
41. Nxg5 Qe8 42. Ne6 Rg8 43. Nxg7 Rxg7 44. Qe6 Re7 45. Qf6+ Rg7 46. Rb7 Nh5 47.
Qc6 1-0

[Event "CAN-ch Seniors 65+"]
[Site "Etobicoke CAN"]
[Date "2023.08.05"]
[Round "2.2"]
[White "Loadman, Ian"]
[Black "Fradkin, Benjamin"]
[Result "1-0"]
[WhiteElo "2132"]
[BlackElo "1906"]
[PlyCount "129"]
[EventDate "2023.08.04"]
[EventType "swiss"]
[EventRounds "7"]
[EventCountry "CAN"]

1. e4 c6 2. d4 d5 3. exd5 cxd5 4. Bd3 Nc6 5. c3 Nf6 6. h3 e5 7. dxe5 Nxe5 8.
Nf3 Nxd3+ 9. Qxd3 Be7 10. O-O O-O 11. Bf4 Qb6 12. Qc2 Ne4 13. Nbd2 Bf5 14. Nd4
Bg6 15. Qb3 Nxd2 16. Bxd2 Bd3 17. Rfe1 Qxb3 18. axb3 Bf6 19. Be3 Rfd8 20. Nf3
Bc2 21. b4 a6 22. Bd4 Be4 23. Bxf6 gxf6 24. Nd4 Kf8 25. f3 Bg6 26. Kf2 Rac8 27.
Rad1 Ra8 28. Ra1 Bd3 29. Rad1 Bg6 30. Ra1 Bd3 31. Ke3 Bg6 32. Nb3 Rac8 33. Nd4
Re8+ 34. Kd2 Red8 35. Re3 Rd7 36. h4 h6 37. Re2 Rc4 38. Rd1 h5 39. Ke1 Rdc7 40.
Kf2 a5 41. bxa5 Ra4 42. Nb3 Rxh4 43. Rdd2 d4 44. Rxd4 Rh1 45. Rd5 Rh4 46. Re1
Kg7 47. Rd4 Rxd4 48. Nxd4 Rc5 49. Ra1 Bd3 50. Ke3 Ba6 51. g3 Re5+ 52. Kf4 Bd3
53. b4 Kg6 54. Rd1 Bc4 55. Rb1 Bd3 56. Rb2 Re1 57. b5 h4 58. gxh4 Rh1 59. a6
bxa6 60. b6 Bb5 61. b7 Rxh4+ 62. Ke3 Rh8 63. Nxb5 axb5 64. Rxb5 Rb8 65. c4 1-0

[Event "CAN-ch Seniors 65+"]
[Site "Etobicoke CAN"]
[Date "2023.08.05"]
[Round "2.3"]
[White "Berengolts, Isai"]
[Black "Glew, Richard"]
[Result "1-0"]
[WhiteElo "2018"]
[BlackElo "1721"]
[PlyCount "31"]
[EventDate "2023.08.04"]
[EventType "swiss"]
[EventRounds "7"]
[EventCountry "CAN"]

1. e4 c5 2. Nc3 Nc6 3. f4 d6 4. Nf3 g6 5. Bb5 Bd7 6. Bxc6 Bxc6 7. O-O Bg7 8. d3
Nf6 9. Qe1 b5 10. Qh4 b4 11. Ne2 c4 12. Ned4 Qc7 13. e5 Bxf3 14. Nxf3 dxe5 15.
fxe5 Qc5+ 16. d4 1-0

[Event "CAN-ch Seniors 65+"]
[Site "Etobicoke CAN"]
[Date "2023.08.05"]
[Round "2.4"]
[White "Finlay, Ian"]
[Black "Benggawan, Undriadi"]
[Result "1-0"]
[WhiteElo "1833"]
[BlackElo "1327"]
[PlyCount "128"]
[EventDate "2023.08.04"]
[EventType "swiss"]
[EventRounds "7"]
[EventCountry "CAN"]

1. e4 c5 2. Nf3 g6 3. d4 cxd4 4. Nxd4 Bg7 5. Nc3 a6 6. Bc4 Nc6 7. Nxc6 bxc6 8.
Qf3 e6 9. Bf4 d5 10. exd5 cxd5 11. O-O Bd7 12. Nxd5 exd5 13. Bxd5 Rc8 14. Rfe1+
Ne7 15. Bc7 O-O 16. Bxd8 Nxd5 17. Ba5 Be6 18. Rad1 Nf6 19. Rd6 Rxc2 20. Bc3 Ng4
21. Rd2 Bxc3 22. Qxc3 Rxc3 23. bxc3 Rc8 24. f3 Nf6 25. Rd6 a5 26. Rc1 Kg7 27.
Ra6 Rc5 28. a3 Nd5 29. Kf2 Nxc3 30. Ke3 Nd5+ 31. Kd2 Rb5 32. g4 Nb6 33. Ra7
Nc4+ 34. Kd3 Rb3+ 35. Rc3 Ne5+ 36. Kc2 Rb5 37. h3 Bd5 38. f4 Nc6 39. Ra6 Nd4+
40. Kd3 Ne6 41. Ke3 Nc5 42. Rxc5 Rxc5 43. Kd4 Bb7 44. Rb6 Rc7 45. g5 a4 46. Rb4
Rd7+ 47. Kc5 Bc6 48. Kxc6 Rd3 49. Rxa4 Rxh3 50. Ra7 Rf3 51. a4 Rxf4 52. a5 Rf5
53. a6 Rxg5 54. Rd7 Ra5 55. Kb6 Ra3 56. Rd5 h5 57. a7 h4 58. Ra5 Rxa5 59. Kxa5
g5 60. a8=Q Kg6 61. Qg8+ Kf6 62. Kb4 h3 63. Qh8+ Kf5 64. Qxh3+ Ke4 1-0

[Event "CAN-ch Seniors 65+"]
[Site "Etobicoke CAN"]
[Date "2023.08.05"]
[Round "2.5"]
[White "Brown, John R"]
[Black "Szucs, Nadia"]
[Result "1-0"]
[WhiteElo "1343"]
[BlackElo "1633"]
[PlyCount "41"]
[EventDate "2023.08.04"]
[EventType "swiss"]
[EventRounds "7"]
[EventCountry "CAN"]

1. e4 c5 2. Nc3 Nc6 3. f4 e6 4. Bb5 Nge7 5. Nf3 d6 6. Bxc6+ Nxc6 7. O-O Be7 8.
d3 O-O 9. Qe1 Qc7 10. Qg3 Kh8 11. Qh3 b5 12. f5 b4 13. Ne2 d5 14. Ng5 Bxg5 15.
Bxg5 exf5 16. exf5 f6 17. Bf4 Qd7 18. Qg3 Qxf5 19. Bd6 Qg4 20. Bxf8 Qxg3 21.
Nxg3 1-0